000 00965nmm a2200289 a 4500
001 ocm0002146499
003 TR-IsHL
005 20201028183107.0
008 190312s2018 tu tur
007 cr cn
020 _a9786058176737
035 _a2146499
_b(N$T)
050 0 4 _aPL248.D457
_bH3 2018
090 0 4 _aPL248.D457
_bH3 2018
100 1 _aDemir, Yeşim
245 1 0 _aHayalperest: 7'den 77'ye zirvede kalanlar
_h[electronic resource] /
_cYeşim Demir ; editör Melissa Değer ; yayına hazırlayan Cansu Oğuz
250 _a1. Baskı
260 _aİstanbul :
_bTolstoy Yayınları,
_c2018
300 _a80 p.
650 4 _aDil ve Edebiyat
650 4 _aLanguage and Literature
650 0 _aTürk romanı
650 0 _aTurkish fiction
650 7 _aLITERARY COLLECTIONS / Middle Eastern
_2bisacsh
700 1 _aDeğer, Melisa
856 4 0 _uhttp://search.ebscohost.com/login.aspx?direct=true&scope=site&db=e011xww&AN=2146499
999 _c20374
_d20374